000 00671nam a2200205 i 4500
001 59994
003 ES-MaACL
005 20250804062558.0
007 t|
008 031031s1979 sp ||||1| spa d
100 1 _aErikson, Erik H.
_947394
245 1 0 _aHistoria personal y circunstancia histórica /
_cErik H. Erikson ; [traductor, Leopoldo Lovelace].
260 _aMadrid :
_bAlianza,
_c[1979]
300 _a314 p. ;
_c18 cm.
490 1 _aEl libro de bolsillo. Sección humanidades
700 1 _aLovelace, Leopoldo.
_974355
830 0 3 _aEl libro de bolsillo.
_pHumanidades
_9178672
852 _aES-MaACL
_jA-9666
_bR.98911
999 _c59994
_d59994